<?xml version="1.0" encoding="UTF-8"?>
<record
    xmlns:xsi="http://www.w3.org/2001/XMLSchema-instance"
    xsi:schemaLocation="http://www.loc.gov/MARC21/slim http://www.loc.gov/standards/marcxml/schema/MARC21slim.xsd"
    xmlns="http://www.loc.gov/MARC21/slim">

  <leader>00414    a2200109   4500</leader>
  <controlfield tag="001">ART_63687</controlfield>
  <controlfield tag="005">20260410162000.0</controlfield>
  <controlfield tag="008">260409a                                 </controlfield>
  <datafield tag="245" ind1="1" ind2="0">
    <subfield code="a">Reforma del r&#xE9;gimen societario argentino: propuesta inspirada en el modelo franc&#xE9;s para empresarios individuales</subfield>
  </datafield>
  <datafield tag="100" ind1="1" ind2=" ">
    <subfield code="a">Arecha, Mart&#xED;n</subfield>
  </datafield>
  <datafield tag="773" ind1="0" ind2=" ">
    <subfield code="t">Temas de derecho comercial</subfield>
    <subfield code="g">- A&#xF1;o 11, N&#xB0; 11/12 (nov./dic. 2025)</subfield>
    <subfield code="w">REV28151</subfield>
  </datafield>
  <datafield tag="999" ind1=" " ind2=" ">
    <subfield code="c">31165</subfield>
    <subfield code="d">31165</subfield>
  </datafield>
</record>
